FIFA 23 RANDOM PLAYERS COUNTRY QUIZ #1 - Statistics

General Stats
  • This quiz has been taken 60 times
  • The average score is 15 of 20
Answer Stats
Hint Answer % Correct
Ben Yedder France
94%
Darwin Nunez Uruguay
92%
Wayne Rooney England
90%
João Cancelo Portugal
87%
Marcel Sabitzer Austria
85%
Patrick Bamford England
85%
Toby Alderweireld Belgium
83%
Patrik Schick Czech Republic
81%
Jonathan Clauss France
79%
Joan Capdevila Spain
77%
Jan Oblak Slovenia
73%
Aymeric Laporte Spain
73%
Viktor Gyökeres Sweden
73%
Lucas Ocampos Argentina
69%
Sidney Govou France
67%
Joan Jordán Spain
67%
Junior Firpo Spain
65%
Téji Savanier France
63%
Josip Juranović Croatia
56%
Ridle Baku Germany
46%
No matching quizzes found
Score Distribution
Percent of People with Each Score
Percentile by Number Answered
Your Score History
You have not taken this quiz